Harry, Taylor or Billie? - Statistics

General Stats
  • This quiz has been taken 99 times
  • The average score is 11 of 15
Answer Stats
Question Answer % Correct
Billie (song titles) idwbya
100%
Billie (places) central park
86%
Billie (lyrics) i just never know how you feel
79%
Taylor (lyrics) i lived like an island, punished you with silence
79%
Harry (names) Matilda
79%
Billie (lyrics) your silence is my favorite sound
79%
Harry (lyrics) comfortable silence is so overrated
71%
Harry (song titles) tpwk
71%
Taylor (song titles) yoyok
71%
Harry (lyrics) am i bothering you? do you wanna talk?
64%
Taylor (lyrics) i'll be waiting, all there's left to do is run
64%
Harry (places) the beachwood cafe
64%
Taylor (places) cornelia street
57%
Billie (names) Drew
50%
Taylor (names) Wendy
43%
No matching quizzes found
Score Distribution
Percent of People with Each Score
Percentile by Number Answered
Your Score History
You have not taken this quiz